000 00623nam a2200205 a 4500
001 79552
003 BD-RjUL
005 20220313161557.0
008 220313s1949 |||||||| |||| 00| 0 ben d
035 _a(BD-RjUL)79552
040 _aBD-RjUL
_beng
_cBD-RjUL
041 _aben
082 _223
_a891.443
_bHAU 1949
245 _aউত্তরকাল /
_cপ্রবোধ কুমার সান্যাল
260 _aকলিকাতা :
_c[১৯৪৯]
300 _a২২১ পৃ.;
_c১৮
650 _aবাংলা উপন্যাস
_9330
650 _aBengali novels
_9331
942 _2ddc
_cBK
999 _c79552
_d79552